000 00757nam a22002177i 4500
999 _c23548
_d23548
003 AR-CdUCM
008 260323b20162016pe ||||| |||| 00| 0 spa d
020 _a978-612-46994-1-2
040 _aMUNICIPALIDAD PROVINCIAL DEL CUSCO
_cBIBLIOTECA MUNICIPAL DEL CUSCO
041 _hspa
082 _aPI / 398.2
_bG11
110 _aGrupo Editorial Eurohispano - El Verbo
_952387
245 _aCuentos clásicos de siempre :
_bHistorias que siembran valores /
260 _aPerú :
_bGrupo Editorial Eurohispano SAC.
_c2016
300 _a302 páginas. :
_c23x28 cm.
505 _aLos 3 Cerditos -- Pinocho -- Pulgarcito -- Rapunzel
650 _aHansel y Gretel
_952388
650 _aLa Cenicienta
_952389
942 _2ddc
_cLIBROS
945 _aesh
_d23-03-2026